[Event "1st Sea Chess TCh"]
[Site "Kuala Lumpur MAI"]
[Date "2001.09.09"]
[Round "5"]
[White "Zaw Oo"]
[Black "Megararanto,S"]
[Result "1/2-1/2"]
[WhiteElo "2464"]
[BlackElo "2234"]

1.d4 d5 2.c4 c6 3.Nf3 Nf6 4.Nc3 dxc4 5.a4 Bf5 6.Ne5 e6 7.Bg5 Be7 8.f3 O-O
9.e4 Bg6 10.Be3 Nbd7 11.Nxc4 Bb4 12.Be2 c5 13.O-O cxd4 14.Bxd4 Qe7 15.Kh1 Bc5
16.Na5 e5 17.Bxc5 Nxc5 18.Bc4 Rac8 19.Qe2 b6 20.Nb3 Ne6 21.Bxe6 Qxe6 22.Nd2 Rfd8
23.Rad1 Nh5 24.Nc4 Nf4 25.Rxd8+ Rxd8 26.Rd1 Rd4 27.Qf1 f5 28.g3 fxe4 29.gxf4 Qxc4
30.Qxc4+ Rxc4 31.fxe5 exf3 32.Kg1 Kf7 33.Rd7+ Ke6 34.Rxa7 Kxe5 35.Kf2 Rb4
36.Kxf3 Rxb2 37.Ke3 Rxh2 38.Re7+ Kd6 39.Rxg7 Rh3+ 40.Kd4 Rh4+ 41.Ke3 Be8
42.Rb7 Kc5 43.Rc7+ Bc6 44.Nb5 Kd5 45.Nc3+ Kd6 46.Ra7 h5 47.Rh7 Bxa4 48.Rh6+ Ke5
49.Nxa4 Rxa4 50.Rxb6 Ra3+  1/2-1/2

[Event "9th Asian Women"]
[Site "Chennai IND"]
[Date "2001.09.10"]
[Round "9"]
[White "Vijayalakshmi,S"]
[Black "Swathi,G"]
[Result "1-0"]
[WhiteElo "2397"]
[BlackElo "2260"]

1.d4 d5 2.c4 c6 3.Nf3 Nf6 4.Nc3 dxc4 5.a4 Bf5 6.Ne5 Nbd7 7.Nxc4 Qc7 8.g3 e5
9.dxe5 Nxe5 10.Bf4 Nfd7 11.Bg2 f6 12.O-O Nc5 13.e4 Bg6 14.Qe2 Be7 15.Nxe5 fxe5
16.Be3 Bf7 17.Kh1 O-O 18.f4 Nb3 19.Rad1 Bf6 20.f5 Rad8 21.g4 Nd4 22.Qf2 Qe7
23.Bh3 Bc4 24.Rg1 Bh4 25.Qg2 Bg5 26.Bxg5 Qxg5 27.Qg3 Rfe8 28.Bf1 Bb3 29.Rd3 Qf4
30.Qh3 b5 31.Re3 b4 32.Ne2 Nxe2 33.Bxe2 Bc2 34.Rf1 Qg5 35.f6 gxf6 36.Rf5 Qg7
37.g5 fxg5 38.Qg2 Kh8 39.Bh5 b3 40.Bxe8 Rxe8 41.Rxg5 Qd7 42.Qf2 Qe7 43.Rf5 Rg8
44.Rf7 Qg5 45.Rxh7+ Kxh7 46.Qf7+  1-0

[Event "TCh-FIN 2001-02"]
[Site "FIN"]
[Date "2001.09.22"]
[Round "1"]
[White "Salo,H"]
[Black "Sorri,K"]
[Result "1-0"]
[WhiteElo "2260"]
[BlackElo "2266"]

1.d4 d5 2.c4 c6 3.Nc3 Nf6 4.Nf3 dxc4 5.a4 Bf5 6.e3 e6 7.Bxc4 Bb4 8.O-O Nbd7
9.Qe2 O-O 10.Ne5 h6 11.Nd3 Be7 12.a5 b5 13.axb6 Nxb6 14.Ba6 Nbd5 15.f3 Bh7
16.Rd1 Qb6 17.Kh1 Nb4 18.Nxb4 Bxb4 19.e4 Rad8 20.Be3 Qb8 21.Qc4 Rd7 22.Qxc6 Rc7
23.Qb5 Qxb5 24.Nxb5 Rc2 25.b3 Rb2 26.Rdb1 Re2 27.Bf4 Nxe4 28.fxe4 Bxe4 29.Rg1 Rb2
30.Bd6 Bxd6 31.Nxd6 Bd5 32.Bc4 Rd8 33.Bxd5 exd5 34.Nb7 Re8 35.Nc5 Ree2 36.Rxa7 Red2
37.Ra4 g5 38.h3 h5 39.Kh2 Kg7 40.Ra7 Kg6 41.Ra4 h4 42.Rb4 Kh5 43.Nd7 f5 44.Nf6+ Kg6
45.Rb6 Kf7 46.Nxd5 f4 47.Rf6+ Kg7 48.Rf5 Kg6 49.Ne7+ Kh6 50.d5 Rxb3 51.Kh1 Rbb2
52.Rf7 Re2 53.Rc1 Rbc2 54.Rxc2 Rxc2 55.d6 Rd2 56.d7 g4 57.hxg4 Kg5 58.Nc6 h3
59.d8=Q+  1-0

[Event "ECC"]
[Site "Panormo GRE"]
[Date "2001.09.25"]
[Round "3"]
[White "Sjoberg,M"]
[Black "Gaertner,G"]
[Result "1/2-1/2"]
[WhiteElo "2349"]
[BlackElo "2392"]

1.d4 d5 2.c4 c6 3.Nf3 Nf6 4.Nc3 dxc4 5.a4 Bf5 6.e3 e6 7.Bxc4 Bb4 8.O-O Nbd7
9.Qe2 Bg6 10.Bd2 a5 11.h3 h6 12.Bd3 Bxd3 13.Qxd3 O-O 14.Rfe1 Re8 15.e4 e5
16.dxe5 Nxe5 17.Nxe5 Rxe5 18.Qc2 Re8 19.Rad1 Qb6 20.e5 Bxc3 21.bxc3 Nd5 22.e6 Rxe6
23.Rxe6 fxe6 24.c4 Nb4 25.Qe4 Qd8 26.Qxe6+ Kh8 27.Qg4 Qc8 28.Qxc8+ Rxc8 29.Be3 c5
30.Rd6 Nc2 31.Bd2 Nd4 32.Rb6 Rd8 33.Bxa5 Ra8 34.Bd2 Rxa4 35.Rxb7 Rxc4 36.Rc7 Kg8
37.Be3 Ne6 38.Re7 Nd4 39.Rc7 Ne6 40.Re7 Nd4 41.g4 Kf8 42.Rb7 Nc2 43.Bd2 Nd4
44.Kg2 Ne6 45.Kf3 Ra4 46.Be3 Nd4+ 47.Ke4 Nc2+ 48.Kf5 Nxe3+ 49.fxe3 Ra3 50.e4 Rxh3
51.Ke6 g5 52.Rc7 Rg3 53.Kf5 Rf3+ 54.Kg6 Rf4 55.Rxc5 Rxe4 56.Kxh6  1/2-1/2

[Event "ECC"]
[Site "Panormo GRE"]
[Date "2001.09.26"]
[Round "4"]
[White "Bykhovsky,Av"]
[Black "Zoler,D"]
[Result "1/2-1/2"]
[WhiteElo "2443"]
[BlackElo "2507"]

1.d4 d5 2.c4 c6 3.Nf3 Nf6 4.Nc3 dxc4 5.a4 Bf5 6.Nh4 e6 7.Nxf5 exf5 8.e3 Bd6
9.Bxc4 O-O 10.Qf3 g6 11.h3 h5 12.O-O Qe7 13.Bd2 Nbd7 14.Rae1 Rae8 15.Qd1 Bb8
16.Qb3 Qd6 17.f4 Nb6 18.Bd3 Re7 19.a5 Nbd5 20.Nxd5 Nxd5 21.Bc4 Rd8 22.Bxd5 Qxd5
23.Qxd5 Rxd5 24.Rc1 a6 25.Kf2 Bd6 26.b4 h4 27.Rc4 f6 28.Ke2 g5 29.fxg5 fxg5
30.Kd3 Kg7 31.Rcc1 Kg6 32.Rc2 Re6 33.Be1 Be7 34.Bd2 Rd8 35.Bc3 Rd7 36.Rd2 Rd5
37.Re2 Rb5 38.Rb2 Bd6 39.Rf3 Bg3 40.Bd2 Rd5 41.Rc2 Rd7 42.Rf1 Bd6 43.Rcc1 Be7
44.Rce1 Bf6 45.Bc3 Rde7 46.Rf3 Bg7 47.Rf2 Re4 48.Rff1 Bh6 49.Bd2 Re8 50.Rh1 g4
51.Rhf1 Bg5 52.Rh1 Bf6 53.Rhf1 Bg5 54.Rh1 R8e6 55.Rhf1 Bh6 56.Rh1 Re7 57.Rhf1 Bg5
58.Rh1 Rh7 59.Rhf1 Rhe7 60.Rh1 g3 61.Rhf1 Re8 62.Rh1 R8e7 63.Rhf1 Bh6 64.Rh1 Rd7
65.Rhf1 Re8 66.Rf3 Rd5 67.Rc1 Red8 68.Rc4  1/2-1/2

[Event "Tatry Open"]
[Site "High Tatras SVK"]
[Date "2001.10.01"]
[Round "4"]
[White "Motuz,K"]
[Black "Mitura,V"]
[Result "1-0"]
[WhiteElo "2354"]
[BlackElo "2235"]

1.d4 d5 2.c4 c6 3.Nc3 Nf6 4.Nf3 dxc4 5.a4 Bf5 6.Ne5 e6 7.f3 c5 8.e4 cxd4
9.Bxc4 Nfd7 10.Nxf7 Kxf7 11.exf5 dxc3 12.fxe6+ Ke8 13.exd7+ Qxd7 14.O-O Bc5+
15.Kh1 Qxd1 16.Rxd1 Nc6 17.bxc3 Rd8 18.Bg5 Rxd1+ 19.Rxd1 h6 20.Bh4 Rf8 21.Bb5 g5
22.Bg3 Rf7 23.h4 Rd7 24.Re1+ Re7 25.Kh2 Rxe1 26.Bxe1 Kf7 27.Bd2 Kf6 28.Kh3 Ne5
29.f4 Nf7 30.fxg5+ hxg5 31.h5 Nh6 32.g4 Nf7 33.Bd3 b6 34.Bf5 Nd6 35.h6 Nxf5
36.Bxg5+  1-0

[Event "ch-SLO"]
[Site "Grize SLO"]
[Date "2001.10.02"]
[Round "2"]
[White "Sirnik,B"]
[Black "Crepan,M"]
[Result "0-1"]
[WhiteElo "2156"]
[BlackElo "2283"]

1.d4 d5 2.c4 c6 3.Nf3 Nf6 4.Nc3 dxc4 5.a4 Bf5 6.Ne5 Nbd7 7.Nxc4 Qc7 8.g3 e5
9.dxe5 Nxe5 10.Bf4 Nfd7 11.Bg2 Be6 12.Nxe5 Nxe5 13.Qd4 f6 14.a5 a6 15.Ne4 Rd8
16.Qc3 Bd5 17.O-O Be7 18.Rfd1 Qb8 19.Ng5 Bg8 20.Rxd8+ Bxd8 21.Rd1 Bc7 22.Bxe5 Bxe5
23.Bxc6+ bxc6 24.Qxc6+ Kf8 25.Rd7 Ba2 26.Qc5+ Kg8 27.Ne6 Bxe6 28.Ra7 Bd6
29.Qb6 Qxb6 30.axb6 h5 31.Rxa6 Bd5 32.b7 Bb8 33.Ra5 Be4 34.Rb5 Kf7 35.b4 Rd8  0-1

[Event "Chigorin Mem Open"]
[Site "St Petersburg RUS"]
[Date "2001.10.02"]
[Round "8"]
[White "Tunik,G"]
[Black "Vorobiov,E"]
[Result "1/2-1/2"]
[WhiteElo "2460"]
[BlackElo "2516"]

1.d4 d5 2.c4 c6 3.Nf3 Nf6 4.Nc3 dxc4 5.a4 Bf5 6.e3 e6 7.Bxc4 Bb4 8.O-O Nbd7
9.Qe2 Bg6 10.e4 O-O 11.Bd3 h6 12.h3 Re8 13.Bf4 a6 14.Rfc1 Rc8 15.Rc2 Qa5
16.Nd2 Qh5 17.Qxh5 Nxh5 18.Be3 c5 19.d5 exd5 20.Nxd5 Bxd2 21.Rxd2 Bxe4 22.Bf1 Nhf6
23.Nxf6+ Nxf6 24.Rc1 Bc6 25.a5 Ne4 26.Rdd1 Ba4 27.Rd5 Bc6 28.Rdd1 Ba4 29.Rd5  1/2-1/2

[Event "Chigorin Mem Open"]
[Site "St Petersburg RUS"]
[Date "2001.10.03"]
[Round "9"]
[White "Kirusha,A"]
[Black "Deviatkin,A"]
[Result "0-1"]
[WhiteElo "2336"]
[BlackElo "2415"]

1.d4 d5 2.c4 c6 3.Nf3 Nf6 4.Nc3 dxc4 5.a4 Bf5 6.e3 e6 7.Bxc4 Bb4 8.O-O Nbd7
9.Qe2 Ne4 10.Bd3 Ndc5 11.Bc4 Nd7 12.Bd3 Ndf6 13.Qc2 Nxc3 14.bxc3 Bxd3 15.Qxd3 Be7
16.e4 c5 17.Ne5 O-O 18.Be3 Qc7 19.f4 Rfd8 20.g4 Rac8 21.Rac1 Qa5 22.g5 Ne8
23.Kh1 cxd4 24.Bxd4 Bc5 25.Rcd1 Nd6 26.Bxc5 Qxc5 27.Qf3 Nc4 28.Rxd8+ Rxd8
29.Rd1 Rxd1+ 30.Qxd1 Qd6 31.Qb3 Ne3 32.Nc4 Qxf4 33.Nxe3 Qf3+ 34.Kg1 Qxe3+
35.Kf1 Qf3+ 36.Kg1 Qg4+ 37.Kf2 Qf4+ 38.Kg1 Qxg5+ 39.Kh1 Qc1+ 40.Kg2 Qd2+
41.Kf3 Qd7 42.Qc4 h6 43.Kf2 Qc6 44.Qd4 Qb6  0-1

[Event "ch-SLO"]
[Site "Grize SLO"]
[Date "2001.10.05"]
[Round "5"]
[White "Tratar,M"]
[Black "Mikac,M"]
[Result "1/2-1/2"]
[WhiteElo "2416"]
[BlackElo "2404"]

1.d4 d5 2.Nf3 Nf6 3.c4 c6 4.Nc3 dxc4 5.a4 Bf5 6.e3 e6 7.Bxc4 Bb4 8.O-O O-O
9.Qe2 Nbd7 10.Nh4 Bg4 11.f3 Nd5 12.Qf2 Bh5 13.g4 Bg6 14.Bd2 Qa5 15.Rfc1 N5b6
16.Nxg6  1/2-1/2

[Event "ULIM Cup"]
[Site "Kishnev MDA"]
[Date "2001.10.07"]
[Round "1"]
[White "Solcanean,S"]
[Black "Svetushkin,D"]
[Result "0-1"]
[WhiteElo "2236"]
[BlackElo "2459"]

1.d4 d5 2.c4 c6 3.Nf3 Nf6 4.Nc3 dxc4 5.a4 Bf5 6.e3 e6 7.Bxc4 Bb4 8.O-O O-O
9.Nh4 Nbd7 10.Bd2 a5 11.Re1 Qe7 12.Nxf5 exf5 13.Qf3 g6 14.Rad1 Rfe8 15.Bb3 Rad8
16.h4 h5 17.Na2 Bxd2 18.Rxd2 Nb6 19.Rc2 Rxd4 20.Rec1 Rd3 21.Rc3 Red8  0-1

[Event "ULIM Cup"]
[Site "Kishnev MDA"]
[Date "2001.10.08"]
[Round "2"]
[White "Bets,A"]
[Black "Stepa,D"]
[Result "1/2-1/2"]
[WhiteElo "2376"]
[BlackElo "2278"]

1.d4 d5 2.c4 c6 3.Nf3 Nf6 4.Nc3 dxc4 5.a4 Bf5 6.e3 e6 7.Bxc4 Bb4 8.O-O Nbd7
9.Qe2 Bg6 10.Ne1 O-O 11.Nd3 a5 12.Bd2 Bd6 13.Rfd1 e5 14.dxe5 Nxe5 15.Nxe5 Bxe5
16.Be1 Qb6 17.f3 Rad8 18.Kh1  1/2-1/2

[Event "ULIM Cup"]
[Site "Kishnev MDA"]
[Date "2001.10.09"]
[Round "3"]
[White "Luzhinsky,V"]
[Black "Svetushkin,D"]
[Result "1/2-1/2"]
[WhiteElo "2348"]
[BlackElo "2459"]

1.d4 d5 2.c4 c6 3.Nf3 Nf6 4.Nc3 dxc4 5.a4 Bf5 6.e3 e6 7.Bxc4 Bb4 8.Nh4 O-O
9.Nxf5 exf5 10.O-O Nbd7 11.Qc2 g6 12.f3 Rc8 13.Kh1 c5 14.d5 Nb6 15.Ba2 c4
16.e4 fxe4 17.fxe4 Ng4 18.Qe2 Ne5 19.Be3 a6 20.Bd4 Nbd7 21.Rad1 Bd6 22.Bb1 Qe7
23.g3 Rfd8 24.Qg2 Bc5 25.Ne2 Bxd4 26.Nxd4 Nf6 27.Rfe1 Ne8 28.Qd2 Nd6 29.a5 Rc7
30.Rc1 Nb5 31.Red1 Nxd4 32.Qxd4 Qd6 33.Ba2 Rc5 34.Bxc4 Rdc8 35.b3 Rxa5 36.Qb2 Rac5
37.Be2 Rxc1 38.Rxc1 Re8 39.Qc3 Re7 40.Qc5 Qxc5 41.Rxc5 Rd7 42.Kg1 f6 43.Kf2 Kf7
44.Ke3 Ke7 45.Rc8 h5  1/2-1/2

[Event "TCh-RUS Siberian Zone"]
[Site "Omsk RUS"]
[Date "2001.10.10"]
[Round "6"]
[White "Outioupine,V"]
[Black "Frolov,D"]
[Result "0-1"]
[WhiteElo "2151"]
[BlackElo "2473"]

1.d4 d5 2.c4 c6 3.Nf3 Nf6 4.Nc3 dxc4 5.a4 Bf5 6.e3 e6 7.Bxc4 Bb4 8.O-O Nbd7
9.Qb3 Qb6 10.Bd2 a5 11.Rac1 O-O 12.Rfd1 Rfe8 13.Ne2 Bd6 14.Ng3 Bg6 15.Qa2 Ne4
16.Be1 Qd8 17.Bd3 Nxg3 18.hxg3 Qe7 19.Bxg6 hxg6 20.Qb3 Nf6 21.Qc4 Rec8 22.Qd3 c5
23.Qb5 cxd4 24.Nxd4 Bb4 25.Rc4 Rxc4 26.Qxc4 Bxe1 27.Rxe1 Qb4 28.Qxb4 axb4
29.b3 Rc8 30.Rb1 Ne4 31.Rb2 Rc1+ 32.Kh2 Nc3 33.g4 e5 34.Nf3 f6 35.Kg3 Ne4+
36.Kh2 Rf1 37.Rc2 Nxf2 38.Nd2 Rd1 39.Kg3 Rxd2  0-1

[Event "Lasker Autumn IM"]
[Site "Bucharest ROM"]
[Date "2001.10.14"]
[Round "2"]
[White "Barnaure,V"]
[Black "Murariu,A"]
[Result "0-1"]
[WhiteElo "2167"]
[BlackElo "2348"]

1.d4 d5 2.c4 c6 3.Nf3 Nf6 4.Nc3 dxc4 5.a4 Bf5 6.Ne5 Nbd7 7.Nxc4 Qc7 8.g3 e5
9.dxe5 Nxe5 10.Bf4 Nfd7 11.Qd4 f6 12.Ne4 Bb4+ 13.Bd2 Bxd2+ 14.Nexd2 Ke7 15.Bg2 Rhd8
16.O-O Be6 17.Rfd1 b6 18.Qc3 Rac8 19.Ne3 Nc5 20.b4 Na6 21.f4 Nf7 22.Nf3 Rxd1+
23.Rxd1 c5 24.Qd3 Nxb4 25.Qxh7 Rd8 26.Qxg7 Rxd1+ 27.Nxd1 c4 28.Nh4 Qc5+ 29.Kf1 Qd4
30.Ng6+ Kd7 31.Nf8+ Ke7 32.Ng6+ Kd7 33.Nf8+ Kd6 34.Ng6 Qxd1+ 35.Kf2 Qd4+
36.Kf1 Qd1+ 37.Kf2 Qd4+ 38.Kf1 Kd7 39.Qf8 Qd1+ 40.Kf2 Qd4+ 41.Kf1 Qd1+ 42.Kf2 Qd6
43.Qa8 Qc7 44.Nf8+ Kd6 45.Nxe6 Kxe6 46.Qe8+ Kd6 47.Qf8+ Qe7 48.Qb8+ Kc5 49.e3 Nd6
50.Ke2 Nd5 51.Bxd5 Kxd5 52.h4 Qe4 53.Qa8+ Kc5 54.Qxe4 Nxe4 55.g4 Kb4 56.h5 c3
57.h6 Nd6 58.h7 Nf7 59.e4 Kb3 60.Kd1 Kb2  0-1

[Event "TCh-FIN 2001-02"]
[Site "FIN"]
[Date "2001.10.20"]
[Round "2"]
[White "Fieandt,J"]
[Black "Topi Hulmi,T"]
[Result "0-1"]
[WhiteElo "2189"]
[BlackElo "2150"]

1.d4 d5 2.c4 c6 3.Nf3 Nf6 4.Nc3 dxc4 5.a4 Bf5 6.e3 e6 7.Bxc4 Bb4 8.O-O Nbd7
9.Qe2 Bg6 10.Bd2 O-O 11.Nh4 c5 12.Nxg6 hxg6 13.dxc5 Nxc5 14.Rfd1 Qa5 15.Rac1 Rfd8
16.e4 Rd4 17.e5 Nfe4 18.Be3 Rxd1+ 19.Nxd1 Rd8 20.Bb5 a6 21.Bc4 Qxa4 22.f3 Nd2
23.Nc3 Bxc3 24.Rxc3 Qa1+ 25.Kf2 Qxb2  0-1

[Event "WYB16"]
[Site "Oropesa del Mar ESP"]
[Date "2001.10.21"]
[Round "1"]
[White "Cheparinov,I"]
[Black "Vaznonis,V"]
[Result "1-0"]
[WhiteElo "2461"]
[BlackElo "2129"]

1.d4 d5 2.c4 c6 3.Nf3 Nf6 4.Nc3 dxc4 5.a4 Bf5 6.Nh4 e6 7.Nxf5 exf5 8.e3 Bd6
9.Bxc4 O-O 10.h3 Nbd7 11.g4 Ne4 12.gxf5 Qh4 13.Nxe4 Qxe4 14.Rg1 Qxf5 15.Qg4 Qxg4
16.hxg4 c5 17.d5 Ne5 18.Be2 f5 19.gxf5 Rxf5 20.f4 Ng6 21.Bg4 Rff8 22.Be6+ Kh8
23.Bd2 Be7 24.O-O-O Rad8 25.Rxg6  1-0

[Event "Chigorin Mem Open"]
[Site "St Petersburg RUS"]
[Date "2001.10.26"]
[Round "1"]
[White "Kirusha,A"]
[Black "Najer,E"]
[Result "0-1"]
[WhiteElo "2336"]
[BlackElo "2599"]

1.d4 d5 2.c4 c6 3.Nf3 Nf6 4.Nc3 dxc4 5.a4 Bf5 6.Ne5 Nbd7 7.Nxc4 Nd5 8.g3 e5
9.dxe5 Nc5 10.Bd2 Nb4 11.Rc1 Bg4 12.f3 Be6 13.Ne4 Nxe4 14.fxe4 Qd4 15.Nd6+ Bxd6
16.exd6 Qxe4 17.Bxb4 Qxb4+ 18.Qd2 Qxd2+ 19.Kxd2 O-O-O 20.Kc3 Rxd6 21.Bg2 Rhd8
22.Rhf1 Rd2 23.Rc2 Rxc2+ 24.Kxc2 Rd4 25.Rf4 Rxf4 26.gxf4 a5 27.Kc3 Kc7 28.Be4 h6
29.Bc2 Kd6 30.Kd4 f6 31.e4 g5 32.e5+ fxe5+ 33.fxe5+ Kd7 34.Kc5 Kc7 35.Kd4 Kd7
36.Kc5 Kc7 37.Kd4 Bd5 38.Bd1 b6 39.Kc3 Kd7 40.Bg4+ Be6 41.Be2 Bf5 42.Bc4 h5
43.Kd4 Bc2 44.b3 Ke7 45.Kc3 Bd1 46.Kd4 Bf3 47.Bg8 h4 48.Bc4 Bd5  0-1

[Event "27th Open"]
[Site "Guernsey GCI"]
[Date "2001.10.27"]
[Round "7"]
[White "Wright,D"]
[Black "Ruston,M"]
[Result "1-0"]
[WhiteElo "2220"]
[BlackElo "2056"]

1.d4 d5 2.Nf3 Nf6 3.c4 c6 4.Nc3 dxc4 5.a4 Bf5 6.e3 e6 7.Bxc4 Bb4 8.O-O O-O
9.Qe2 Ne4 10.Na2 Bd6 11.Rd1 Bg4 12.Qf1 Bxf3 13.gxf3 Qh4 14.Qg2 Ng5 15.f4 Nh3+
16.Kf1 f5 17.Ke1 Rf6 18.Qg3 Qxg3 19.hxg3 Kf8 20.Ke2 Rh6 21.Bd2 Nd7 22.Rh1 Nf6
23.Bxe6 g6 24.Nc3 Re8 25.Bc4 Kg7 26.Raf1 g5 27.fxg5 Nxg5 28.Rxh6 Kxh6 29.Rh1+ Kg6
30.Bd3 Nge4 31.Be1 h5 32.Kf3 Ng5+ 33.Kg2 Nge4 34.Ne2 Nd5 35.Rh4 Ng5 36.Nc3 Nf6
37.Bd2 Nfe4 38.Bc1 Bb4 39.Nxe4 fxe4 40.Be2 Nf3 41.Bxf3 exf3+ 42.Kxf3 Rf8+
43.Rf4 Rd8 44.b3 Bd6 45.Re4 Rf8+ 46.Ke2 Kf5 47.Rh4 Kg6 48.Rh1 b5 49.Bd2 bxa4
50.bxa4 Rb8 51.Rc1 Rb6 52.a5 Ra6 53.Kd3 Kf5 54.e4+ Kg4 55.e5 Be7 56.Ke4 Bd8
57.Rc5 Be7 58.e6 h4 59.gxh4 Kxh4 60.f3  1-0

[Event "Jonsson Mem Open"]
[Site "Reykjavik ISL"]
[Date "2001.10.27"]
[Round "4"]
[White "Nielsen,PH"]
[Black "Sokolov,I"]
[Result "0-1"]
[WhiteElo "2620"]
[BlackElo "2658"]

1.Nf3 d5 2.d4 c6 3.c4 Nf6 4.Nc3 dxc4 5.a4 Bf5 6.Ne5 Nbd7 7.Nxc4 Nb6 8.Ne5 a5
9.f3 Nfd7 10.Bf4 Nxe5 11.Bxe5 f6 12.Bg3 Bg6 13.e4 e6 14.Be2 Bb4 15.O-O O-O
16.Bf2 f5 17.Qb3 Kh8 18.e5 Nd5 19.Rfc1 f4 20.Nxd5 cxd5 21.Bd3 Bxd3 22.Qxd3 Qd7
23.Rc2 Rfc8 24.Rac1 Rc6 25.Rxc6 bxc6 26.g3 Rf8 27.Kg2 h6 28.Qa6 fxg3 29.hxg3 Rc8
30.Be3 Rc7 31.Qb6 Kh7 32.b3 Ba3 33.Rc3 Bb4 34.Rc2 Qc8 35.Kf2 Kg8 36.Ke2 Qd7
37.Bd2 Bxd2 38.Kxd2 Qf7 39.Qxa5 Rb7 40.Qc3 Qg6 41.f4 Qe4 42.b4 h5 43.Kc1 c5
44.b5 cxd4 45.Qc8+ Kh7 46.Rh2 Qe1+ 47.Kc2 d3+ 48.Kb3 Qb1+ 49.Rb2 Qd1+ 50.Kb4 Ra7
51.Qxe6 Qe1+ 52.Ka3  0-1

[Event "Jonsson Mem Open"]
[Site "Reykjavik ISL"]
[Date "2001.10.31"]
[Round "8"]
[White "Sokolov,I"]
[Black "Hector,J"]
[Result "1-0"]
[WhiteElo "2658"]
[BlackElo "2528"]

1.d4 d5 2.c4 c6 3.Nf3 Nf6 4.Nc3 dxc4 5.a4 Bf5 6.e3 e6 7.Bxc4 Bb4 8.O-O Nbd7
9.Qb3 a5 10.Na2 Be7 11.Nh4 Be4 12.Nc3 Bd5 13.Nf3 Nb6 14.Nxd5 exd5 15.Bd3 Qc7
16.Bd2 O-O 17.Bc3 Nbd7 18.h3 Bd6 19.Qc2 Rfe8 20.Nd2 Re6 21.Rab1 Rae8 22.b4 axb4
23.Bxb4 Bxb4 24.Rxb4 Ra8 25.Rfb1 b6 26.Bf5 Re7 27.e4 dxe4 28.Nxe4 Nd5 29.Rc4 Nf8
30.Rxc6 Qf4 31.Ng3 Rae8 32.Rc8 Rxc8 33.Qxc8 g6 34.Qd8 Qxd4 35.Rc1 gxf5 36.Rc8 Re1+
37.Kh2 Qb4 38.Qg5+ Kh8 39.Nxf5  1-0

[Event "Jonsson Mem Open"]
[Site "Reykjavik ISL"]
[Date "2001.11.02"]
[Round "10"]
[White "Olafsson,H"]
[Black "Hector,J"]
[Result "1-0"]
[WhiteElo "2460"]
[BlackElo "2528"]

1.d4 d5 2.c4 c6 3.Nf3 Nf6 4.Nc3 dxc4 5.a4 Bf5 6.Ne5 Nbd7 7.Nxc4 Qc7 8.g3 e5
9.dxe5 Nxe5 10.Bf4 Nfd7 11.Bg2 f6 12.O-O Nc5 13.Ne3 Be6 14.b4 Rd8 15.Qc2 Na6
16.b5 Nb4 17.Qe4 Bc5 18.bxc6 bxc6 19.a5 O-O 20.Rfc1 Rd4 21.Qb1 Rb8 22.Ne4 Be7
23.Qb2 Rdd8 24.Ng5 Qd6 25.Nxe6 Qxe6 26.Bxe5 fxe5 27.Qc3 Nd5 28.Nxd5 cxd5
29.Qc7 Bg5 30.Rc6 Qe8 31.Bh3 e4 32.Rd1 d4 33.Rc5 Bf6 34.Bf5 d3 35.e3 Qa4
36.Rcc1 Bb2 37.Qc4+ Qxc4 38.Rxc4 Rb5 39.Bxe4 d2 40.a6 Ra5 41.Rc2 Ra1 42.Bf3 Bc1
43.Be2 Rd7 44.Kg2 Kf8 45.h4 Ra5 46.Bg4 Re7 47.Bc8 Ree5 48.Bb7 Rec5 49.Rxc5 Rxc5
50.Kf3 h6 51.Ke2 Ra5 52.g4 g5 53.hxg5 hxg5 54.Rh1 Ra4 55.Bc8 Kg7 56.Rh5 Ra5
57.Bf5 Rxa6 58.Rxg5+ Kf7 59.Bc2 Rh6 60.Rh5 Rxh5 61.gxh5 Kg7 62.Kf3 Ba3 63.Ke4 Kh6
64.Bd1 a5 65.Kd5 a4 66.Bxa4 Kxh5 67.f4 Kg6 68.Ke6 Kg7 69.e4 Kf8 70.f5 Bb2
71.e5 Bc3 72.f6 Bb2 73.Kf5 Ba3 74.e6 Bb4 75.Bd1 Ba3 76.Bh5 Bb4 77.Ke4  1-0

[Event "American Open"]
[Site "Los Angeles USA"]
[Date "2001.11.24"]
[Round "6"]
[White "Maldonado,O"]
[Black "Kretchetov,A"]
[Result "0-1"]
[WhiteElo "2226"]
[BlackElo "2397"]

1.d4 d5 2.Nf3 Nf6 3.c4 c6 4.Nc3 dxc4 5.a4 Bf5 6.Ne5 Nbd7 7.Nxc4 Qc7 8.g3 e5
9.dxe5 Nxe5 10.Bf4 Nfd7 11.Qd4 f6 12.O-O-O Nc5 13.Nd2 Bd6 14.g4 Ne6 15.Qe3 Nxg4
16.Qf3 Bxf4 17.e3 Ne5 18.Qh5+ g6 19.Qh4 Bg5 20.Qg3 O-O-O 21.f4 Nxf4 22.exf4 Bxf4
23.Qf2 Ng4 24.Qf3 Ne3 25.Bh3 Nxd1 26.Bxf5+ gxf5 27.Rxd1 Rxd2 28.Rxd2 Rd8
29.Nb1 Qd6 30.Qf2 Bxd2+ 31.Nxd2 Qxd2+ 32.Qxd2 Rxd2 33.Kxd2 Kd7 34.Ke3 c5
35.b3 Kd6 36.Kf4 Ke6 37.h3 h6 38.a5 b6 39.a6 b5 40.h4 h5 41.Ke3 Ke5 42.Kd3 f4
43.Ke2 Ke4 44.Kf2 c4 45.b4 c3 46.Ke2 f3+ 47.Kd1 f2  0-1

[Event "ch-GER"]
[Site "Altenkirchen GER"]
[Date "2001.12.06"]
[Round "7"]
[White "Hammes,M"]
[Black "Mueller,Ka"]
[Result "0-1"]
[WhiteElo "2374"]
[BlackElo "2506"]

1.d4 Nf6 2.Nf3 d5 3.c4 c6 4.Nc3 dxc4 5.a4 Bf5 6.Ne5 Nbd7 7.Nxc4 Nb6 8.Ne5 e6
9.g3 Bb4 10.Bg2 Ne4 11.Bxe4 Bxe4 12.f3 f6 13.Nd3 Bxd3 14.Qxd3 c5 15.Qb5+ Qd7
16.dxc5 Qxb5 17.axb5 Bxc5 18.Ne4 Bb4+ 19.Bd2 Bxd2+ 20.Nxd2 Ke7 21.Kf2 Rhc8
22.Nb3 Rc2 23.Rhb1 Nc8 24.Na5 Nd6 25.b6 a6 26.Rc1 Rac8 27.Rxc2 Rxc2 28.b4 Rb2
29.Rc1 Rxb4 30.Rc7+ Kf8 31.Nxb7 Rxb6 32.Nc5 Nb5 33.Rc8+ Ke7 34.Ra8 Nc7 35.Rc8 Kd6
36.Na4 Rb4 37.Nc5 a5 38.Ke3 f5 39.Nd3 Rb7 40.Rh8 a4 41.Rxh7 a3 42.Nc1 Nd5+
43.Kd3 Nb4+ 44.Ke3 a2 45.Nxa2 Nxa2 46.Kf4 g5+  0-1

[Event "sf ch-NED"]
[Site "Leeuwarden NED"]
[Date "2001.12.09"]
[Round "2.2"]
[White "Werle,J"]
[Black "Hoogendoorn,J"]
[Result "1/2-1/2"]
[WhiteElo "2459"]
[BlackElo "2388"]

1.Nf3 d5 2.d4 c6 3.c4 Nf6 4.Nc3 dxc4 5.a4 Bf5 6.e3 e6 7.Bxc4 Bb4 8.O-O O-O
9.Qe2 Nbd7 10.e4 Bg6 11.Bd3 Qa5 12.e5 Nd5 13.Ne4 c5 14.Neg5 cxd4 15.Bxg6 hxg6
16.Qe4 Rfd8 17.Rd1 Nf8 18.Nxd4 Rac8 19.Be3 Nxe3 20.fxe3 Be7 21.Ngf3 Qd5 22.Qf4 g5
23.Nxg5 Bxg5 24.Qxg5 Ng6 25.Nf3 Qxd1+ 26.Rxd1 Rxd1+ 27.Kf2 Rb1 28.h4 Rxb2+
29.Kg3 Rcc2 30.Ne1 Re2 31.h5 Ne7 32.Qxe7 Rxe1 33.Qe8+ Kh7 34.Qxf7 Rxe3+ 35.Kh2 Ree2
36.Qg6+ Kh8 37.Qe8+ Kh7 38.Qg6+ Kh8 39.Qe8+  1/2-1/2

[Event "Christmas Open"]
[Site "Zadar CRO"]
[Date "2001.12.18"]
[Round "4"]
[White "Feletar,D"]
[Black "Ljubas,A"]
[Result "1/2-1/2"]
[WhiteElo "2472"]
[BlackElo "2149"]

1.d4 d5 2.Nf3 Nf6 3.c4 c6 4.Nc3 dxc4 5.a4 Bf5 6.Ne5 e6 7.f3 Bb4 8.Bg5 h6
9.Bh4 Qa5 10.e4 Bxc3+ 11.bxc3 Qxc3+ 12.Ke2 Qb2+ 13.Ke1 Qc3+ 14.Ke2 Qb2+ 15.Ke1  1/2-1/2

[Event "TCh-BEL 2001-2"]
[Site "Belgium BEL"]
[Date "2001.12.23"]
[Round "5"]
[White "Laurent,B"]
[Black "Hautot,S"]
[Result "1/2-1/2"]
[WhiteElo "2291"]
[BlackElo "2274"]

1.d4 d5 2.c4 c6 3.Nf3 Nf6 4.Nc3 dxc4 5.a4 Bf5 6.e3 e6 7.Bxc4 Nbd7 8.O-O Bb4
9.Qe2 Bg6 10.Rd1 O-O 11.h3 Qa5 12.Bd2 Ne4 13.Nxe4  1/2-1/2

[Event "TCh-BEL 2001-2"]
[Site "Belgium BEL"]
[Date "2001.12.23"]
[Round "5"]
[White "Kadimova,I"]
[Black "Nezar,M"]
[Result "1/2-1/2"]
[WhiteElo "2372"]
[BlackElo "2380"]

1.d4 d5 2.c4 c6 3.Nf3 Nf6 4.Nc3 dxc4 5.a4 Bf5 6.e3 e6 7.Bxc4 Bb4 8.O-O O-O
9.Bd2 Nbd7 10.h3 h6 11.Qe2 Bg6 12.Rfd1  1/2-1/2

[Event "10th Open"]
[Site "Aschach AUT"]
[Date "2001.12.30"]
[Round "6"]
[White "Krivoshey,S"]
[Black "Knoll,H"]
[Result "1-0"]
[WhiteElo "2461"]
[BlackElo "2307"]

1.d4 Nf6 2.Nf3 d5 3.c4 c6 4.Nc3 dxc4 5.a4 Bf5 6.Nh4 Bc8 7.e3 e6 8.Bxc4 Bb4
9.Nf3 O-O 10.O-O Nbd7 11.Qe2 Qe7 12.Ba2 e5 13.Qc2 h6 14.Nh4 Re8 15.Nf5 Qf8
16.Bd2 a5 17.Rae1 Nb6 18.Ng3 exd4 19.exd4 Bd7 20.Re3 Bxc3 21.bxc3 Nbd5 22.Re5 Ng4
23.Bb1 g6 24.Ree1 f5 25.h3 Ngf6 26.Re5 Rxe5 27.dxe5 Ne8 28.Qb3 Rb8 29.c4 Nb4
30.Ne2 Kh7 31.Nf4 Nc7 32.Qg3 Qg8 33.e6 Nxe6 34.Nxg6 Nd4 35.Qd6 Be6 36.Nf4 Rd8
37.Qe7+ Bf7 38.Bc3 Qe8 39.Qf6 c5 40.Bxf5+  1-0

[Event "ch-AUS"]
[Site "Melbourne AUS"]
[Date "2001.12.30"]
[Round "3"]
[White "Booth,Stew"]
[Black "Saw,G"]
[Result "1/2-1/2"]
[WhiteElo "2181"]
[BlackElo "2236"]

1.d4 d5 2.Nf3 c6 3.c4 Nf6 4.Nc3 dxc4 5.a4 Bf5 6.e3 e6 7.Bxc4 Bb4 8.O-O O-O
9.Qb3 Qe7 10.h3 c5 11.Nh4 Be4 12.Nxe4 Nxe4 13.Nf3 Nc6 14.Qc2 Nf6 15.Ne5 Rac8
16.Nxc6 Rxc6 17.Qe2 cxd4 18.exd4 Rd8 19.Rd1 Rcd6 20.Be3 Ba5 21.Rd3 Nd5 22.Rad1 Nb4
23.R3d2 Nc6 24.Rd3 Nb4 25.R3d2 Nd5 26.Rd3 Bb6 27.Qd2 a5 28.Bg5 f6 29.Bf4 Rc6
30.Bb5 Nxf4 31.Qxf4 Rc2 32.R3d2 e5 33.dxe5 Rdxd2 34.Rxd2 fxe5 35.Bc4+ Kh8
36.Rd7 Rxf2 37.Rxe7 Rxf4+ 38.Kh1 g6 39.b3 Bc5 40.Rxe5 b6  1/2-1/2

[Event "TCh-BEL 2001-2"]
[Site "Belgium BEL"]
[Date "2002.01.06"]
[Round "6"]
[White "Piceu,T"]
[Black "Krijgelmans,J"]
[Result "1-0"]
[WhiteElo "2173"]
[BlackElo "2181"]

1.d4 d5 2.c4 c6 3.Nf3 Nf6 4.Nc3 dxc4 5.a4 Bf5 6.e3 e6 7.Bxc4 Bb4 8.O-O Nbd7
9.Nh4 Bg4 10.f3 Bh5 11.g4 Nd5 12.Ng2 Bg6 13.Qb3 a5 14.e4 N5b6 15.Be2 h5 16.Nf4 Qe7
17.Nxg6 fxg6 18.g5 O-O 19.Be3 Rf7 20.Rac1 Raf8 21.Kh1 Kh7 22.Rf2 c5 23.d5 c4
24.Qd1 Bc5 25.Bxc5 Nxc5 26.dxe6 Qxe6 27.Rf1 Rd7 28.Qe1 Nd3 29.Bxd3 Rxd3 30.Qg3 Nd7
31.Nd5 Qe5 32.Qg2 Qd4 33.Rc2 Ne5 34.f4 Ng4 35.h3 Ne3 36.Nxe3 Rxe3 37.f5 gxf5
38.exf5 Qd3 39.Rc3 Qd6 40.Rxe3  1-0